| 000 | 00380 a2200157 4500 | ||
|---|---|---|---|
| 001 | 165351 | ||
| 020 | _a | ||
| 040 | _cMagnum | ||
| 100 | _aMurgel Branco, Samuel | ||
| 240 | 1 | 0 |
_aOs fosseis: pequena historia da vida na terra _lpor |
| 245 | 1 | 0 | _aOs fosseis: pequena historia da vida na terra |
| 362 | 0 | _a1899 | |
| 440 | 1 | _aModerna | |
| 697 | _aIJ/PARADIDATICO | ||
| 942 | _cBK | ||
| 999 |
_c165351 _d165351 |
||